[Event "NED-chT 2324"]
[Site "Netherlands"]
[Date "2023.11.25"]
[Round "4.10"]
[White "Kokje, Joris"]
[Black "Lecomte, Robin"]
[Result "1/2-1/2"]
[WhiteElo "2262"]
[BlackElo "2249"]
[PlyCount "100"]
[EventDate "2023.09.16"]
[EventType "team-tourn"]
[EventRounds "9"]
[EventCountry "NED"]
[SourceTitle "EXT 2025"]
[Source "ChessBase"]
[SourceDate "2024.10.14"]
[SourceVersion "1"]
[SourceVersionDate "2024.10.14"]
[SourceQuality "1"]
[WhiteTeam "Paul Keres"]
[BlackTeam "Charlois Europoort"]
[WhiteTeamCountry "NED"]
[BlackTeamCountry "NED"]

1. d4 Nf6 2. c4 g6 3. f3 Bg7 4. e4 d6 5. Nc3 0-0 6. Nge2 c5 7. d5 a6 8. a4 e6 9. Ng3 exd5 10. cxd5 Nbd7 11. Be2 b6 12. 0-0 Bb7 13. Bf4 Qc7 14. Qd2 Rfe8 15. Bh6 Bh8 16. Nh1 c4 17. Rfc1 b5 18. b4 cxb3 19. Rab1 Nc5 20. axb5 axb5 21. Nxb5 Qb6 22. Be3 Ra2 23. Qd1 Nxd5 24. Bf2 Nf4 25. Bf1 b2 26. Rc2 Ra1 27. Nxd6 Rxb1 28. Qxb1 Qxd6 29. Bxc5 Qd7 30. Ba3 Qd4+ 31. Nf2 Qe3 32. Bxb2 Bxb2 33. Qxb2 Bc8 34. Rc3 Qa7 35. Qc1 Qb8 36. e5 Nd5 37. Rc5 Be6 38. f4 Qb4 39. g3 Ra8 40. Rc4 Qb6 41. Qd2 Ne3 42. Rd4 Nf5 43. Rb4 Qc5 44. Rb5 Qa7 45. Qb4 Nd4 46. Rb7 Nf3+ 47. Kg2 Ne1+ 48. Kg1 Nf3+ 49. Kg2 Ne1+ 50. Kg1 Nf3+ 1/2-1/2

[Event "NED-chT 2122"]
[Site "Netherlands"]
[Date "2022.05.21"]
[Round "5.10"]
[White "Vogt, Andreas"]
[Black "Lecomte, Robin"]
[Result "0-1"]
[WhiteElo "2298"]
[BlackElo "2264"]
[PlyCount "108"]
[EventDate "2021.09.18"]
[EventType "team-tourn"]
[EventRounds "9"]
[EventCountry "NED"]
[SourceTitle "EXT 2023"]
[Source "ChessBase"]
[SourceDate "2022.10.05"]
[SourceVersion "1"]
[SourceVersionDate "2022.10.05"]
[SourceQuality "1"]
[WhiteTeam "Leiden LSG"]
[BlackTeam "Charlois Europoort"]
[WhiteTeamCountry "NED"]
[BlackTeamCountry "NED"]

1. d4 Nf6 2. c4 g6 3. Nc3 Bg7 4. e4 d6 5. Be2 0-0 6. Bg5 c6 7. Nf3 Qc7 8. h3 e5 9. d5 Ne8 10. g4 f5 11. gxf5 gxf5 12. exf5 Bxf5 13. Nh4 Qf7 14. Nxf5 Qxf5 15. Be3 Nf6 16. Qd2 cxd5 17. cxd5 Nbd7 18. Rg1 Nb6 19. 0-0-0 Rac8 20. Rg5 Qxh3 21. Rdg1 Rf7 22. Kb1 Nc4 23. Bxc4 Rxc4 24. Qd3 Rg4 25. R5xg4 Nxg4 26. Ne4 Nxf2 27. Ng5 Nxd3 28. Nxh3 Rf3 29. Bh6 Rxh3 30. Bxg7 Kf7 31. Bh8 Nb4 32. Rg7+ Kf8 33. Kc1 Nxd5 34. Rxb7 Kg8 35. Rb8+ Kf7 36. Rb7+ Ke6 37. Rxa7 e4 38. a4 e3 39. Ra8 Rh1+ 40. Kc2 e2 41. Re8+ Ne7 42. Bc3 e1Q 43. Bxe1 Rxe1 44. b4 Re4 45. Kb3 Re3+ 46. Kc4 d5+ 47. Kd4 Re4+ 48. Kc5 Rc4+ 49. Kb5 Rc8 50. Rxc8 Nxc8 51. a5 h5 52. Kc5 h4 53. b5 Kd7 54. b6 Nxb6 0-1

[Event "NED-chT 2122"]
[Site "Netherlands"]
[Date "2022.02.05"]
[Round "6.6"]
[White "Lecomte, Robin"]
[Black "Pavlidis, Antonios"]
[Result "0-1"]
[WhiteElo "2264"]
[BlackElo "2536"]
[PlyCount "90"]
[EventDate "2021.09.18"]
[EventType "team-tourn"]
[EventRounds "9"]
[EventCountry "NED"]
[SourceTitle "EXT 2023"]
[Source "ChessBase"]
[SourceDate "2022.10.05"]
[SourceVersion "1"]
[SourceVersionDate "2022.10.05"]
[SourceQuality "1"]
[WhiteTeam "Charlois Europoort"]
[BlackTeam "En Passant"]
[WhiteTeamCountry "NED"]
[BlackTeamCountry "NED"]

1. Nf3 Nf6 2. g3 g6 3. Bg2 Bg7 4. 0-0 0-0 5. c4 d6 6. d4 Nbd7 7. Nc3 e5 8. dxe5 dxe5 9. e4 c6 10. h3 Nc5 11. Qe2 Qd3 12. Qxd3 Nxd3 13. Rd1 Nxc1 14. Raxc1 Nd7 15. Na4 Re8 16. b4 Nf8 17. b5 Ne6 18. Rd6 Bf8 19. Rdd1 f6 20. Rb1 Nc5 21. Nxc5 Bxc5 22. Nd2 a5 23. Nb3 Be7 24. a4 Be6 25. Bf1 cxb5 26. cxb5 Rec8 27. Rdc1 Bb4 28. Kg2 Kf8 29. Bd3 Rxc1 30. Nxc1 Rc8 31. h4 Rc3 32. Be2 Ba3 33. Nd3 Bc4 34. Rd1 Bb3 35. Ra1 Bc2 36. Ne1 Bxe4+ 37. Bf3 Bxf3+ 38. Nxf3 Bc5 39. Ra2 e4 40. Ng1 Ra3 41. Rxa3 Bxa3 42. f3 exf3+ 43. Kxf3 Ke7 44. Ke4 Kd6 45. Ne2 Kc5 0-1

[Event "NED-chT 2122"]
[Site "Netherlands"]
[Date "2021.10.09"]
[Round "2.7"]
[White "Lenaerts, Lennert"]
[Black "Lecomte, Robin"]
[Result "1/2-1/2"]
[WhiteElo "2354"]
[BlackElo "2264"]
[PlyCount "79"]
[EventDate "2021.09.18"]
[EventType "team-tourn"]
[EventRounds "9"]
[EventCountry "NED"]
[SourceTitle "EXT 2023"]
[Source "ChessBase"]
[SourceDate "2022.10.05"]
[SourceVersion "1"]
[SourceVersionDate "2022.10.05"]
[SourceQuality "1"]
[WhiteTeam "Zuid Limburg"]
[BlackTeam "Charlois Europoort"]
[WhiteTeamCountry "NED"]
[BlackTeamCountry "NED"]

1. d4 Nf6 2. c4 e6 3. Nc3 d5 4. cxd5 exd5 5. Bg5 c6 6. e3 h6 7. Bh4 Be7 8. Bd3 Ne4 9. Bxe7 Qxe7 10. Qc2 Nxc3 11. bxc3 0-0 12. Nf3 c5 13. 0-0 Nc6 14. dxc5 Qxc5 15. Rab1 b6 16. Rfc1 Bg4 17. Nd4 Nxd4 18. cxd4 Qxc2 19. Rxc2 Rac8 20. f3 Rxc2 21. Bxc2 Rc8 22. Bb3 Be6 23. Kf2 Kf8 24. Ke2 Ke7 25. Kd2 Kd6 26. Kd3 Bd7 27. e4 dxe4+ 28. fxe4 f6 29. Re1 Re8 30. g3 Bb5+ 31. Kc3 Bd7 32. h4 Rc8+ 33. Kd2 Re8 34. Re3 Bg4 35. Bc2 Re7 36. Re1 Bc8 37. Re3 Bg4 38. Re1 Bc8 39. Re3 Bg4 40. Re1 1/2-1/2

[Event "NED-chT 1516"]
[Site "Netherlands"]
[Date "2016.04.02"]
[Round "8.8"]
[White "Lecomte, Robin"]
[Black "Wiersma, Eelke"]
[Result "1/2-1/2"]
[WhiteElo "2318"]
[BlackElo "2343"]
[PlyCount "46"]
[EventDate "2015.09.26"]
[EventType "team-tourn"]
[EventRounds "9"]
[EventCountry "NED"]
[SourceTitle "EXT 2017"]
[Source "ChessBase"]
[SourceDate "2016.10.25"]
[SourceVersion "1"]
[SourceVersionDate "2016.10.25"]
[SourceQuality "1"]
[WhiteTeam "Charlois Europoort"]
[BlackTeam "Leiden LSG"]
[WhiteTeamCountry "NED"]
[BlackTeamCountry "NED"]

1. Nf3 Nf6 2. g3 g6 3. Bg2 Bg7 4. 0-0 0-0 5. c4 b6 6. d4 Bb7 7. Nc3 Ne4 8. Qc2 Nxc3 9. Qxc3 c5 10. Be3 d6 11. Qd2 Nd7 12. Bh6 Nf6 13. Bxg7 Kxg7 14. Nh4 Bxg2 15. Nxg2 cxd4 16. Qxd4 Rc8 17. Ne3 Qc7 18. Rac1 Qc5 19. Qxc5 Rxc5 20. Rc2 Rfc8 21. Rfc1 Ra5 22. a3 Rac5 23. f3 d5 1/2-1/2